000 01266cam a22002054a 4500
005 20250605164019.0
008 250528s ||||||||||||||||||||||||d
035 _a16282
020 _a7100596
040 _aGR-AtMCL
_bgre
_dGR-AtMCL
_eAACR2
245 1 _aMicroelectronics / Second Edition
260 _bMcgraw Hill Book Company,
_c1987
300 _a1008
520 _aPreface, A Brief History of Electronics, Semiconductor Devices, Semiconductors, The PN Junction Diode, Biopolar Junction Transistors, Field-Effect Transistors, Integrated-Circuit Fabrication, Digital Circuits and Systems, Basic Logic (Digital) Circuits, Combinatorial Digital Circuits, Sequential Circuits and Systems, Very Large Scale Integrated Systems, Amplifier Circuits and Systems, Basic Amplifier Stages at Low Frequencies, Frequency Response of Amplifiers, Feedback Amplifiers, Stability and Response of Feedback Amplifiers, Operational-Amplifier Characteristics, Signal Processing and Data Acquisition, Waveform Generators and Waveshaping, Signal Conditioning and Data Conversion, Large-Signal Electronics, Power Circuits and Systems, Appendices, Index.
700 1 _aGrabel Arvin
_92364
700 1 _aMillman Jacob
_92365
942 _cBK
999 _c1799
_d1799